| 000 | 00817nam a2200217 a 4500 | ||
|---|---|---|---|
| 999 |
_c10245 _d10245 |
||
| 003 | BD-JhCC | ||
| 005 | 20180421184708.0 | ||
| 008 | 180421s2012 bg a|||| |||| 000 0 ben d | ||
| 020 | _a9789848765913 | ||
| 035 | _a(BD-JhCC) | ||
| 040 |
_aBD-JhCC _dBD-JhCC |
||
| 041 | _aben | ||
| 082 |
_a320 _bBAN 2012 |
||
| 245 |
_aনবম জাতীয় সংসদ নির্বাচন ২০০৮ : _bঅংশগ্রহণকারী প্রার্থীদের তথ্যাবলি / _cড. বদিউল আলম মজুমদার, |
||
| 260 |
_aঢাকা : _bপ্রথমা প্রকাশন, _c2012. |
||
| 300 |
_a700 P. : _bill.; _c26 cm. |
||
| 650 |
_aElection _zBangladesh |
||
| 700 | _aমজুমদার, বদিউল আলম | ||
| 942 |
_2ddc _cBK |
||